000
00254nam a2200097Ia 4500
001
683346
005
20250826161436.0
008
250824s9999 xx 000 0 und d
245
0
_a
OSMANLIYA KALAN MİRAS
_c
EKREM BUĞRA EKİNCİ
260
_b
TİMAŞ YAYINLARI
999
_c
683346
_d
683346